Greek Alphabet - Statistics

General Stats
  • This quiz has been taken 56 times
  • The average score is 20 of 48
Answer Stats
Hint Answer % Correct
α alpha
65%
Ι Iota C
65%
Ω Omega C
61%
Ζ Zeta C
61%
A Alpha C
58%
B Beta C
58%
Μ Mu C
58%
Κ Kappa C
55%
Ν Nu C
55%
κ kappa
52%
λ lambda
52%
π pi
52%
ρ rho
52%
Τ Tau C
52%
ω omega
48%
Π Pi C
48%
Σ Sigma C
48%
ι iota
45%
o omicron
45%
Ο Omicron C
45%
Delta C
42%
E Epsilon C
42%
σ sigma
42%
τ tau
42%
β beta
39%
epsilon
39%
µ mu
39%
Υ Upsilon C
39%
υ uspilon
39%
Χ Chi C
35%
δ delta
35%
Λ Lambda C
35%
φ phi
35%
Ψ Psi C
35%
Ρ Rho C
35%
Θ Theta C
35%
ν nu
32%
Φ Phi C
32%
η eta
29%
ζ zeta
29%
χ chi
26%
Η Eta C
26%
γ gamma
26%
ψ psi
26%
ξ xi
26%
Ξ Xi C
23%
Γ Gamma C
19%
ϑ theta
16%
No matching quizzes found
Score Distribution
Percent of People with Each Score
Percentile by Number Answered
Your Score History
You have not taken this quiz